00569nam a2200145Ia 4500008004100000050002000041082002400061100002900085245008100114260002300195300001900218650007200237952009700309999001700406121101s9999 xx 000 0 und d aPN4731 G66 1998 a001.42 G643m 1998 aGonzález Reyna, Sasana aManual de Redacción e Investigación Documnetal / Susana González Reyna aMéxico : TRILLAS a204 p. / 23 cm a1. MÉTODOS DE INVESTIGACIÓN 2. INVESTIGACIÓN-METODOLOGÍAÌ 00104070a12b12d2008-11-28l0oPN4731 G66 1998p12 001228r2015-04-22t2w2012-11-01yLB c88191d88191